Diccionario de la Lengua Española

Gorde:
Xehetasun bibliografikoak
Egile nagusia: Real Academia Española
Formatua: Liburua
Hizkuntza:Undetermined
Argitaratua: Madrid, España Espasa Calpe, S.A. 1970
Edizioa:19
Gaiak:
Etiketak: Etiketa erantsi
Etiketarik gabe, Izan zaitez lehena erregistro honi etiketa jartzen!

MARC

LEADER 00000nam a2200000Ia 4500
008 170316s9999 xx 000 0 und d
040 |a cru BVZT 
090 |a REF 
100 |a Real Academia Española 
245 |a Diccionario de la Lengua Española 
250 |a 19 
260 |a Madrid, España 
260 |b Espasa Calpe, S.A. 
260 |c 1970 
300 |a 1424 páginas 
650 |a REFERENCIA  |9 27 
650 |a DICCIONARIO - ESPAÑOL 
942 |c REF  |2 z  |0 2 
999 |c 14601  |d 14601